<?xml version="1.0" encoding="UTF-8"?>
<collection xmlns="http://www.loc.gov/MARC21/slim">
 <record>
  <leader>02960nam a2200205Ia 4500</leader>
  <controlfield tag="001">CTU_138</controlfield>
  <controlfield tag="008">210402s9999    xx            000 0 und d</controlfield>
  <datafield tag="082" ind1=" " ind2=" ">
   <subfield code="a">895.9223008</subfield>
  </datafield>
  <datafield tag="082" ind1=" " ind2=" ">
   <subfield code="b">T527/T1</subfield>
  </datafield>
  <datafield tag="245" ind1=" " ind2="0">
   <subfield code="a">Tuyển tập truyện ngắn Việt Nam chọn lọc</subfield>
  </datafield>
  <datafield tag="245" ind1=" " ind2="0">
   <subfield code="b">Trọn bộ 8 tập</subfield>
  </datafield>
  <datafield tag="245" ind1=" " ind2="0">
   <subfield code="c">Tuyển tập truyện ngắn Việt Nam chọn lọc; Biên soạn: Lữ Huy Nguyên</subfield>
  </datafield>
  <datafield tag="260" ind1=" " ind2=" ">
   <subfield code="a">Hà Nội</subfield>
  </datafield>
  <datafield tag="260" ind1=" " ind2=" ">
   <subfield code="b">Văn học</subfield>
  </datafield>
  <datafield tag="260" ind1=" " ind2=" ">
   <subfield code="c">1996</subfield>
  </datafield>
  <datafield tag="520" ind1=" " ind2=" ">
   <subfield code="a">Lý Tế Xuyên: Bố cái đại vương, Sự tích Đại thánh Từ Đạo Hạnh; Vũ Quỳnh: Truyện họ Hồng Bàng, Truyện Đổng thiên vương, Truyện cây cau, Truyện bánh chưng, Truyện Man nương, Truyện Hà Ô Lôi; Nguyễn Dữ: Câu chuyện ở đền Hạng vương, Truyện đối tụng ở Long cung, Truyện chức phán sự đến Tản Viên, Truyện đối đáp của người tiều phu núi Nưa; Đoàn Thị Điểm: Đền thiêng ở cửa bể; Nguyễn án: Bà vợ thứ Nguyễn Kiều, Quận mã Đặng Lân; Nguyễn Thông: Câu chuyện yếm quỷ; Phan Châu Trinh: Chuyện người lương dân; Phan Bội Châu: Truyện Lê Bảo, Nhà sư ăn rau, Sống trở lại, Dây và dao, Anh Khờ; Nguyễn ái Quốc: Pari, Đồng tâm nhất trí, Con rùa, Những trò lố hay là Varen và Phan Bội Châu; Huỳnh Thúc Kháng: Giọng thi nhà giàu; á Nam Trần Tuấn Khải: Trinh tinh tân thuyết; Tản Đà: Lên trời, Câu chuyện với Dương Quý phi và Tây Thi tại nhà Đông Phương Sóc, Chú Cuội trong cung Quảng, Nguyễn Trãi; Nguyễn Bá Học: Câu chuyện một tối tân hôn, Dư sinh lịch hiếm kỳ, Chuyện cô chiêu nhi; Phạm Duy Tốn: Sống chết mặc bay, Câu chuyện thương tâm, Một cái bi kịch trong gia đình; Nguyễn Trọng thuật: Quả dưa đỏ; Nguyễn Công Hoan: Sóng vũ môn. Độc giả sẽ không đồng ý với tiêu đề của bộ sách bởi có những truyện từ lâu đã được người ta xếp vào cổ tích nay lại được tuyển chọn vào đây. Tuy nhiên bộ sách này đã sưu tập được những truyện ngắn tiêu biểu CậN ĐạI đã được xuất bản rải rác trong các sách và ĐựơNG ĐạI được giải thưởng trên các báo để độc giả có dịp được thẩm định.</subfield>
  </datafield>
  <datafield tag="650" ind1=" " ind2=" ">
   <subfield code="a">short stories, vietnamese,vietnamese literature</subfield>
  </datafield>
  <datafield tag="650" ind1=" " ind2=" ">
   <subfield code="x">collections</subfield>
  </datafield>
  <datafield tag="650" ind1=" " ind2=" ">
   <subfield code="y">20th century</subfield>
  </datafield>
  <datafield tag="980" ind1=" " ind2=" ">
   <subfield code="a">Trung tâm Học liệu Trường Đại học Cần Thơ</subfield>
  </datafield>
 </record>
</collection>
